100題英単語テスト(ランダム60問) - Statistics

General Stats
  • This quiz has been taken 150 times
  • The average score is 18 of 60
Answer Stats
Hint Answer % Correct
安全な safe
66%
地震 earthquake
63%
〜の間に between
58%
世紀 century
58%
人間の human
56%
危険 danger
55%
〜を失う lose
55%
高価な expensive
54%
海外で abroad
52%
人口 population
52%
純粋な pure
52%
生き残る survive
52%
起こる happen
51%
事実 fact
50%
〜を想像する imagine
48%
輸入する import
48%
平和な peaceful
48%
災害 disaster
46%
増える increase
46%
弱い weak
46%
輸出する export
45%
市民 citizen
44%
貿易 trade
44%
安全に safely
42%
記事 article
41%
その代わりに instead
41%
〜を生産する produce
41%
革・革製品 leather
40%
調査・研究 research
39%
用意ができて ready
38%
〜を囲む surround
38%
〜を励ます encourage
37%
国の national
37%
明るい bright
36%
寄付する donate
36%
独立 independence
35%
不公平な unfair
35%
効果的な effective
34%
静かに quietly
34%
未使用の unused
34%
〜を包む wrap
34%
便利な convenient
33%
勇気 courage
32%
折る fold
32%
〜を支える support
32%
〜に向かって toward
32%
近くの nearby
31%
抗議する protest
31%
備える prepare
29%
〜を受け入れる accept
28%
頼る depend
28%
速く、急速に rapidly
28%
〜を放す release
28%
普通の、よくある common
27%
差別 discrimination
27%
そのうえ moreover
27%
日常の daily
26%
満たす fill
26%
いくつかの several
26%
〜を結ぶ connect
24%
愛されている beloved
23%
〜を越えたところに beyond
23%
状況 condition
23%
絶滅 extinction
23%
労働 labor
23%
年に一回の annual
22%
多様な diverse
22%
像、肖像 image
22%
禁止する prohibit
21%
資源 resource
21%
用具 equipment
20%
〜を傷つける injure
20%
関連する relate
20%
入手できる available
19%
分類する(c~) categorize
19%
提供する provide
19%
固有の、原産の native
18%
面倒、迷惑 trouble
18%
普通の ordinary
17%
この頃は、今日では nowadays
16%
中心 core
15%
分配する distribute
15%
性格 personality
15%
〜を飼育する breed
14%
もとは originally
14%
分類する(s~) sort
14%
こぼれ、流出 spill
14%
困難な tough
13%
公式に formally
12%
〜をとらえる trap
12%
保証する ensure
11%
交流 exchange
11%
〜を広げる extend
11%
〜を追い求める pursue
11%
もちろん、確かに definitely
10%
しっかりと tightly
10%
神聖な spiritual
8%
〜を元気づける comfort
7%
適正な fair
7%
〜によって、〜のために through
7%
No matching quizzes found
Score Distribution
Percent of People with Each Score
Percentile by Number Answered
Your Score History
You have not taken this quiz